| 000 | 01082nam a2200229Ia 4500 | ||
|---|---|---|---|
| 003 | OSt | ||
| 005 | 20221215104102.0 | ||
| 008 | 210310s1979 ck fr 001 0 spa d | ||
| 040 |
_aCO-JMCR _cCO-JMCR |
||
| 041 | 0 | _aspa | |
| 082 | 0 | 4 |
_223 _a346.062 / _bG569d |
| 100 | 1 |
_aGómez Araújo, Luis Alberto, _932978 _eautor |
|
| 245 | 1 | 0 |
_aDerecho Societario Colombiano : _basamblea general de accionistas (con doctrinas de las Superintendencias de Sociedades y Bancaria) / _cLuis Alberto Gómez Araújo, Néstor Humberto Martínez Neira |
| 260 |
_aBogotá : _bLibrería Fuente Jurídica, _c1979 |
||
| 300 |
_a214 páginas ; _c24 cm |
||
| 500 | _aIncluye índice de materias | ||
| 504 | _aBibliografía: páginas 211-212 | ||
| 505 | 0 | _aIntroducción -- Concepto -- Funciones -- Clases de reuniones -- Convocatoria -- Deliberaciones y decisiones -- Las actas -- Vicios que afectan las determinaciones de la asamblea -- Iniciativas -- Apéndice | |
| 650 | 1 | 4 |
_aAsambleas de accionistas _932980 _zColombia |
| 700 | 1 |
_aMartínez Neira, Néstor Humberto, _eautor _98973 |
|
| 942 |
_2ddc _cBK |
||
| 999 |
_c14194 _d14194 |
||